000 00414cam a22001577i 4500
005 20250901165814.0
008 160927s2016 ke 000 1 swa
010 _a 2015333884
020 _a9789966570314
050 0 0 _aPL 8704 .O34 2016
100 1 _aOkello, Daniel.
245 1 0 _aShamba la halaiki /
_cDaniel Okello.
260 _aNairobi:
_bSpotlight,
_c2016.
300 _av, 130 pages ;
_c18 cm
942 _2lcc
999 _c9447
_d9447